000 01111nam a2200241 a 4500
001 000027958
005 20200930031231.0
008 110406s1999 dr abd 000 | spa d
040 _aDO-SdBNP
_bspa
_cBNPHU
082 _axxx
_bR426L
110 1 _aRepública Dominicana.
_bPresidencia de la República.
_bConsejo Nacional de Asuntos Urbanos
_954715
245 1 0 _aLineamientos de políticas de desarrollo urbano para la ciudad de Salcedo /
_cJulio Corral, Marcos A. Gómez, José Bencosme, Sonia Peralta, Francis Ramos ; edición de Rosa A. María ; prólogo de Mercedes Sabeter de macarrulla.
260 _aSantiago de los Caballeros :
_bConsejo Nacional de Asuntos Urbanos (CONAU);
_bCentro de Estudios Urbanos y Regionales (PUCMM),
_c1999.
300 _a132 p. :
_bil., mapas, diagr. ;
_c28 cm.
700 1 _aSabeter de macarrulla, Mercedes,
_epról.
_955023
700 1 _aCorral, Julio C.
_944072
700 1 _aMaría, Rosa A.,
_eed.
_943935
700 1 _aGómez, Marcos A.
_955024
700 1 _aBencosme, José
_955026
700 1 _aPeralta, Sonia
_955027
700 1 _aRamos, Francis
_955028
049 _aBNPD
999 _c27450
_d27450